Má zmysel rozlišovať medzi etikou a morálkou?

Termíny etika a morálka. História použitia týchto termínov. Chápanie etiky a morálky v tradičnom antickom zmysle - kde sa tieto termíny vnímajú ako ekvivalentné a definujú sa cez mravy a zvyky, na rozdiel od modernej predstavy, kde jadrom morálky je pojem povinnosti.

Gespeichert in:
Bibliographische Detailangaben
1. Verfasser: Smreková, Dagmar
Format: Buchkapitel
Sprache:Slowakisch
Schlagworte:
Tags: Tag hinzufügen
Keine Tags, Fügen Sie das erste Tag hinzu!

MARC

LEADER 00000naa$a2200000$$$4500
001 0022138
005 20231016110457.1
041 0 |a slo 
044 |a SK 
245 1 0 |a Má zmysel rozlišovať medzi etikou a morálkou?  |c Dagmar Smreková 
520 |a Termíny etika a morálka. História použitia týchto termínov. Chápanie etiky a morálky v tradičnom antickom zmysle - kde sa tieto termíny vnímajú ako ekvivalentné a definujú sa cez mravy a zvyky, na rozdiel od modernej predstavy, kde jadrom morálky je pojem povinnosti. 
610 2 0 |a etika 
610 2 0 |a morálka 
610 2 0 |a pojmy 
610 2 0 |a história 
100 1 |a Smreková, Dagmar